| 000 | 00423nam a2200181Ia 4500 | ||
|---|---|---|---|
| 005 | 20240823005118.0 | ||
| 008 | 240823s9999||||xx |||||||||||||| ||und|| | ||
| 041 | _aENGLISH | ||
| 082 | _A621.3133 N4 | ||
| 100 | _aSay M G | ||
| 245 | 0 | _aAlternating Current Machines | |
| 250 | _a5th | ||
| 260 |
_c1994 _b"ELBS,London" |
||
| 500 | _aTRANSFERED | ||
| 650 |
_aA C Machines _bElectrical |
||
| 942 | _cBK | ||
| 999 |
_c154777 _d154777 |
||